000 00492nam a2200193Ia 4500
005 20240823012212.0
008 240823s9999||||xx |||||||||||||| ||und||
020 _a0-07-053079-3
041 _aENGLISH
082 _A658.3 P3
100 _a"Bernardin,John H"
245 0 _aHuman Resource Management - An Experimental Approach
250 _a3rd
260 _c2003
_b"TMH,New Delhi"
500 _aYES
650 _aHuman Resources
_bManagement Studies
942 _cBK
999 _c163732
_d163732